[Event "Eschborn op"]
[Site "Eschborn"]
[Date "2016.09.02"]
[Round "1"]
[White "Scholz, Wenzel"]
[Black "Griep, Christoph"]
[Result "0-1"]
[WhiteElo "1431"]
[BlackElo "1925"]
[PlyCount "60"]
[EventDate "2016.09.02"]
[EventType "swiss"]
[EventRounds "5"]
[EventCountry "GER"]
[SourceTitle "EXT 2018"]
[Source "ChessBase"]
[SourceDate "2017.10.13"]
[SourceVersion "1"]
[SourceVersionDate "2017.10.13"]
[SourceQuality "1"]

1. b3 d5 2. Bb2 Nf6 3. Nf3 c5 4. e3 Nc6 5. Bb5 g6 6. Bxc6+ bxc6 7. Bxf6 exf6 8. d3 Bd6 9. Nbd2 0-0 10. 0-0 Re8 11. Re1 g5 12. Nf1 h5 13. N3d2 g4 14. Ng3 h4 15. Ne2 Qc7 16. g3 Kg7 17. Nf1 Rh8 18. Nf4 Bd7 19. c4 d4 20. f3 hxg3 21. hxg3 dxe3 22. Ng2 Bxg3 23. Rxe3 Be5 24. Rxe5 Qxe5 25. Rc1 Rae8 26. Nge3 Qd4 27. Kg2 Rxe3 28. Nxe3 Qxe3 29. fxg4 Rh3 30. Qe1 Qf3+ 0-1

[Event "Eschborn op 11th"]
[Site "Eschborn"]
[Date "2014.09.06"]
[Round "3"]
[White "Mueller, Manon"]
[Black "Scholz, Wenzel"]
[Result "0-1"]
[WhiteElo "1690"]
[BlackElo "1469"]
[PlyCount "88"]
[EventDate "2014.09.05"]
[EventType "swiss"]
[EventRounds "5"]
[EventCountry "GER"]
[SourceTitle "EXT 2015"]
[Source "ChessBase"]
[SourceDate "2014.11.20"]
[SourceVersion "1"]
[SourceVersionDate "2014.11.20"]
[SourceQuality "1"]

1. d4 d5 2. c4 Nf6 3. Nf3 e6 4. Bg5 Bb4+ 5. Nc3 Bxc3+ 6. bxc3 0-0 7. e3 Nbd7 8. c5 h6 9. Bh4 c6 10. Nd2 Qa5 11. Qb3 b5 12. Be2 a6 13. 0-0 Qd8 14. Qc2 Re8 15. f4 a5 16. a4 bxa4 17. Rxa4 Qc7 18. Rb1 Ba6 19. c4 Reb8 20. Rba1 Bc8 21. Nb3 Ne4 22. Bd3 f5 23. Be7 Ndf6 24. Bxf6 Nxf6 25. Nxa5 Bd7 26. h3 Kf7 27. Nb3 Rxa4 28. Rxa4 g5 29. fxg5 hxg5 30. Qa2 Qg3 31. Qc2 Qxe3+ 32. Kh1 g4 33. Qd2 Qg3 34. Nc1 gxh3 35. Kg1 Ng4 36. Ra2 Qh2+ 37. Kf1 Qh1+ 38. Ke2 Qxg2+ 39. Kd1 Qg1+ 40. Ke2 h2 41. cxd5 Qf2+ 42. Kd1 h1Q+ 43. Kc2 Qxd2+ 44. Kxd2 Qh6+ 0-1